[Event "Athens AEK op 1st"]
[Site "Athens"]
[Date "2011.03.18"]
[Round "3.12"]
[White "Kitzoglou, Haralambos"]
[Black "Pantazis, Konstantinos"]
[Result "0-1"]
[WhiteElo "1040"]
[BlackElo "1615"]
[PlyCount "60"]
[EventDate "2011.03.12"]
[EventType "swiss"]
[EventRounds "5"]
[EventCountry "GRE"]
[SourceTitle "EXT 2024"]
[Source "ChessBase"]
[SourceDate "2023.10.10"]
[SourceVersion "1"]
[SourceVersionDate "2023.10.10"]
[SourceQuality "1"]

1. d4 Nf6 2. Bg5 Ne4 3. Bh4 d5 4. e3 c5 5. c3 Nc6 6. Nd2 Bf5 7. Ngf3 Qb6 8. Qb3 c4 9. Qxb6 axb6 10. Bg3 e6 11. Nh4 Nxd2 12. Kxd2 Bg6 13. Nxg6 hxg6 14. Be2 Kd7 15. Rhb1 Ra7 16. e4 Bd6 17. Bxd6 Kxd6 18. exd5 exd5 19. h3 Rha8 20. a3 Na5 21. Bd1 b5 22. Ra2 Nc6 23. Rba1 b4 24. a4 b5 25. b3 bxa4 26. cxb4 axb3 27. Rxa7 Rxa7 28. Rxa7 Nxa7 29. Kc3 Nb5+ 30. Kb2 Nxd4 0-1